000 00647nam a2200205Ia 4500
008 160628s9999 xx 000 0 und d
050 _aRS 164
050 _b.P843 2016
100 _aPortelo, Veneth Maricon B.
245 4 _aThe anthelmintic activity of bougainvillea glabra leaves extract against ascaris suum /
245 _cVenth Maricon B. Portelo, Cristerly S. Torres, Adrianne Joy Zarate.
260 _aLas PiƱas, Philippines :
260 _bSISC,
260 _c2016.
300 _a77 pages :
300 _billustrations ;
300 _c28 cm.
500 _aIncludes bibliographical references and appendices.
942 _cTH
999 _c296204
_d296204